Philosophical referctions / (Record no. 132299)

MARC details
000 -LEADER
fixed length control field 00749nam a22002297a 4500
005 - DATE AND TIME OF LATEST TRANSACTION
control field 20170124110152.0
010 ## - LIBRARY OF CONGRESS CONTROL NUMBER
LC control number A-351452
020 ## - INTERNATIONAL STANDARD BOOK NUMBER
Terms of availability 00.00
International Standard Book Number 812080421
035 ## - SYSTEM CONTROL NUMBER
System control number A-351452
037 ## - SOURCE OF ACQUISITION
Source of stock number/acquisition Cen Lib/Ret
040 ## - CATALOGING SOURCE
Original cataloging agency DPL
Language of cataloging EN
082 ## - DEWEY DECIMAL CLASSIFICATION NUMBER
Classification number 181.4
Item number NAY
100 ## - MAIN ENTRY--PERSONAL NAME
Personal name Nayak, G.C.
9 (RLIN) 34261
245 ## - TITLE STATEMENT
Title Philosophical referctions /
Statement of responsibility, etc by G.C. Nayak
260 ## - PUBLICATION, DISTRIBUTION, ETC. (IMPRINT)
Place of publication, distribution, etc New Delhi
Name of publisher, distributor, etc Indian Council of Philosophical Research
Date of publication, distribution, etc 1987
270 ## - ADDRESS
City New Delhi
Address USO house, 6 special institute area, new mahrauli road
Postal code 110067
300 ## - PHYSICAL DESCRIPTION
Extent viii, 166p.
Dimensions 21cm(Hb)
500 ## - GENERAL NOTE
General note Includes bibliographical references and index
650 ## - SUBJECT ADDED ENTRY--TOPICAL TERM
Topical term or geographic name as entry element Indian Philosophy
9 (RLIN) 34262
650 ## - SUBJECT ADDED ENTRY--TOPICAL TERM
Topical term or geographic name as entry element Indian origin
9 (RLIN) 34263
942 ## - ADDED ENTRY ELEMENTS (KOHA)
Source of classification or shelving scheme Dewey Decimal Classification
Koha item type English Books
Classification part 181.4
Call number suffix NAY
Holdings
Withdrawn status Lost status Damaged status Not for loan Home library Current library Date acquired Source of acquisition Cost, normal purchase price Total Checkouts Full call number Barcode Date last seen Date checked out Copy number Cost, replacement price Price effective from Koha item type
        Central Library Central Library 22/07/2015 Cen Lib/Ret 0.00 1 181.4 NAY A-351452 18/12/2017 30/11/2017 1 0.00 22/07/2015 English Books

© Delhi Public Library
Hit Counter
free hit counter